000 00417nam a22000977a 4500
082 _a355
100 _aGuider
_979384
245 _aअसिस्‍टेन्‍ट सब इन्‍सपेक्‍टर्स (स्‍टेनो ) एवं हे कॉन्‍स्‍टेबल स्‍टडी गाइड
260 _aनई दिल्‍ली
_bGuider Competitive Group
_c2020
942 _cHIN
999 _c63007
_d63007